| 000 | 00574nam a2200205Ia 4500 | ||
|---|---|---|---|
| 005 | 20250508151959.0 | ||
| 008 | 008 250505s9999 xx 000 0 eng d | ||
| 037 | _aTextual | ||
| 040 |
_aFEDL _beng _cFEDL |
||
| 041 |
_aeng _2eng |
||
| 084 |
_a155.2, ENG _qFEDL |
||
| 100 | _aEnglish O. Spurgeon | ||
| 245 | 0 | _aEmotional problems of living | |
| 260 |
_aLondon, UK _bGeorge Allen and Unwin Ltd _c1947 |
||
| 300 | _a438p. | ||
| 650 | _aPersonality | ||
| 700 |
_a Pearson Gerald H. J. _9760520 |
||
| 942 |
_cTEXL _h155.2, ENG |
||
| 999 |
_c1333364 _d1333364 |
||